| 000 -LEADER |
| fixed length control field |
01251nam a22003257a 4500 |
| 008 - FIXED-LENGTH DATA ELEMENTS--GENERAL INFORMATION |
| fixed length control field |
250529b xxu||||| |||| 00| 0 eng d |
| 040 ## - CATALOGING SOURCE |
| Transcribing agency |
Cagayan State University |
| 050 ## - LIBRARY OF CONGRESS CALL NUMBER |
| Classification number |
791.4372 |
| Item number |
H772 |
| 245 ## - TITLE STATEMENT |
| Title |
Honest thief / directed by Mark Williams ; written by Steve Allrich and Mark Williams ; produced by Mark Williams, Myles Nestel, Tai Duncan and Craig Chapman. |
| 260 ## - PUBLICATION, DISTRIBUTION, ETC. (IMPRINT) |
| Place of publication, distribution, etc |
United States : |
| Name of publisher, distributor, etc |
Open Road Films, |
| Date of publication, distribution, etc |
2020. |
| 300 ## - PHYSICAL DESCRIPTION |
| Extent |
1 videofile, (ca. 99 mins.) : |
| Other physical details |
sound, color. |
| 520 ## - SUMMARY, ETC. |
| Summary, etc |
Wanting to lead an honest life, a notorious bank robber turns himself in, only to be double-crossed by two ruthless FBI agents. |
| 521 ## - TARGET AUDIENCE NOTE |
| Target audience note |
Rated PG-13 for strong violence, crude references and brief strong language |
| 546 ## - LANGUAGE NOTE |
| Language note |
In English subtitle. |
| 650 ## - SUBJECT ADDED ENTRY--TOPICAL TERM |
| Topical term or geographic name as entry element |
Dark Comedy. |
| 650 ## - SUBJECT ADDED ENTRY--TOPICAL TERM |
| Topical term or geographic name as entry element |
One-Person Army Action. |
| 650 ## - SUBJECT ADDED ENTRY--TOPICAL TERM |
| Topical term or geographic name as entry element |
Action. |
| 650 ## - SUBJECT ADDED ENTRY--TOPICAL TERM |
| Topical term or geographic name as entry element |
Crime. |
| 650 ## - SUBJECT ADDED ENTRY--TOPICAL TERM |
| Topical term or geographic name as entry element |
Drama. |
| 650 ## - SUBJECT ADDED ENTRY--TOPICAL TERM |
| Topical term or geographic name as entry element |
Thiller. |
| 700 ## - ADDED ENTRY--PERSONAL NAME |
| Personal name |
Liam, Neeson, star. |
| 700 ## - ADDED ENTRY--PERSONAL NAME |
| Personal name |
Walsh, Kate, star. |
| 700 ## - ADDED ENTRY--PERSONAL NAME |
| Personal name |
Patrick, Robort, star. |
| 700 ## - ADDED ENTRY--PERSONAL NAME |
| Personal name |
Ramos, Anthony, star. |
| 700 ## - ADDED ENTRY--PERSONAL NAME |
| Personal name |
Donovan, Jeffrey, star. |
| 700 ## - ADDED ENTRY--PERSONAL NAME |
| Personal name |
Courtney, Jai, star. |
| 700 ## - ADDED ENTRY--PERSONAL NAME |
| Personal name |
Johnson, Shelly, cinematographer |
| 700 ## - ADDED ENTRY--PERSONAL NAME |
| Personal name |
Shawver, Michael, editor. |
| 942 ## - ADDED ENTRY ELEMENTS (KOHA) |
| Source of classification or shelving scheme |
|
| Item type |
Audio-Visual Materials |